Globetrotter travel guide Malaysia

Bibliographic Details
Main Author: Oon, Helen (Author)
Format: Book
Language:English
Published: London : New Holland 2001
Series:Globetrotter travel guide
Subjects:

MARC

LEADER 00000cam a2200000 7i4500
001 0000010276
005 20240918.0
008 030508 enk eng
020 |a 1859746810 
040 |a INS   |b eng   |e rda 
090 0 0 |a DS592.6   |b .O56 2001 
100 1 |a Oon, Helen ,   |e author 
245 1 0 |a Globetrotter travel guide Malaysia   |c Helen Oon 
264 1 |a London :   |b New Holland   |c 2001 
300 |a 128 pages ;   |c 18 cm. 
336 |a text  |2 rdacontent 
337 |a unmediated  |2 rdamedia 
338 |a volume  |2 rdacarrier 
490 0 |a Globetrotter travel guide 
651 0 |a Malaysia   |x Description and travel   |v Guidebooks 
999 |a 0000008716   |b BOOK   |c Open Shelf   |e Default branch